| 000 | 00589nam a22001937a 4500 | ||
|---|---|---|---|
| 005 | 20140422104336.0 | ||
| 010 | _aENG-109263 | ||
| 020 |
_a9789382532224 _c700.00 |
||
| 035 | _aEN-92796 | ||
| 037 | _bDBAD/PUB | ||
| 082 | _a823.9209 | ||
| 100 | _aAgarwal, Beena | ||
| 245 |
_aChetan Bhagat : _cby Beena Agarwal _ba voice of seismic shift in Indian English fiction / |
||
| 250 | _a | ||
| 260 |
_aJaipur _bYking Books _c2013 |
||
| 270 |
_a18, Jain Bhawan, Opp. N.B.C., Shanti Nagar _bJaipur _e302006 |
||
| 300 |
_av,174p. _c22cm(Hb) |
||
| 942 |
_2ddc _cEN _mAGA _h823.9209 |
||
| 999 |
_c82416 _d82416 |
||